Giáo trình hóa lí
সংরক্ষণ করুন:
| প্রধান লেখক: | |
|---|---|
| বিন্যাস: | গ্রন্থ |
| ট্যাগগুলো: |
ট্যাগ যুক্ত করুন
কোনো ট্যাগ নেই, প্রথমজন হিসাবে ট্যাগ করুন!
|
| Thư viện lưu trữ: | Mạng thư viện Đại học Đà Nẵng |
|---|
| LEADER | 00815nam a2200229 4500 | ||
|---|---|---|---|
| 001 | 000008604 | ||
| 003 | 4794 | ||
| 005 | 20150812140858.0 | ||
| 008 | 111019s sd | ||
| 100 | 0 | |a Nguyễn Đình Huề | |
| 245 | 0 | 0 | |a Giáo trình hóa lí |c Nguyễn Đình Huề |
| 300 | |a 2 tập | ||
| 774 | |a Nguyễn Đình Huề |b Tái bản lần thứ nhất |d Giáo dục |d H. |d 2000 |g T.1 |h 152tr. |t Cơ sở nhiệt động lực học |w 4797 | ||
| 774 | |a Nguyễn Đình Huề |b Tái bản lần thứ nhất |d Giáo dục |d H. |d 2000 |g T.2 |h 228tr. |t Nhiệt động lực học hóa học |w 4836 | ||
| OWN | |a LSP | ||
| 999 | |a From the UDN01 | ||
| TYP | |a Monograph | ||
| TYP | |a Printed language | ||
| 980 | |a Mạng thư viện Đại học Đà Nẵng | ||